Welcome to the Holygrace Academy Library

Please use search bar below to get started

COMPREHENSIVE FINANCIAL STATEMENT ANALYSIS (Record no. 621)

MARC details
000 -LEADER
fixed length control field 00351nam a22001337a 4500
020 ## - INTERNATIONAL STANDARD BOOK NUMBER
ISBN 978-81-318-0856-6
082 ## - DEWEY DECIMAL CLASSIFICATION NUMBER
Classification number 657
Item number SID/F
100 ## - MAIN ENTRY--AUTHOR NAME
Personal name S.A.SIDDIQUI, A.S.SIDDIQUI
245 ## - TITLE STATEMENT
Title COMPREHENSIVE FINANCIAL STATEMENT ANALYSIS
260 ## - PUBLICATION, DISTRIBUTION, ETC. (IMPRINT)
Place of publication DELHI
Name of publisher LAXMI PUBLICATIONS
300 ## - PHYSICAL DESCRIPTION
Number of Pages 224
650 ## - SUBJECT ADDED ENTRY--TOPICAL TERM
Topical Term ACCOUNTANCY PART B FOR CLASS XII
Geographic subdivision INDIA
942 ## - ADDED ENTRY ELEMENTS (KOHA)
Koha item type Books
Holdings
Withdrawn status Lost status Collection code Home library Current library Shelving location Date acquired Source of acquisition Full call number Accession Number Koha item type
    Reference Main Library Main Library SHELF 10 C PLUS 2 ACCOUNTANCY 19/09/2015 purchase 657 SID/F 01697 Books